|
|
|
|
| LEADER |
00000nam0a2200000 4500 |
| 001 |
246391 |
| 005 |
20231101232212.0 |
| 035 |
|
|
|a (RuTPU)RU\TPU\book\267841
|
| 090 |
|
|
|a 246391
|
| 100 |
|
|
|a 20131203d1982 k y0rusy50 ca
|
| 101 |
0 |
|
|a rus
|
| 102 |
|
|
|a RU
|
| 105 |
|
|
|a a z 001zy
|
| 200 |
1 |
|
|a Динамическая прочность горных пород
|f М. П. Мохначев, В. В. Присташ
|
| 210 |
|
|
|a Москва
|c Наука
|d 1982
|
| 215 |
|
|
|a 141 с.
|c ил.
|
| 320 |
|
|
|a Библиогр.: с. 131-139.
|
| 606 |
1 |
|
|a Горные породы
|2 stltpush
|3 (RuTPU)RU\TPU\subj\7950
|9 35440
|
| 610 |
1 |
|
|a прочность
|
| 610 |
1 |
|
|a динамическая прочность
|
| 610 |
1 |
|
|a деформация
|
| 610 |
1 |
|
|a механические свойства
|
| 610 |
1 |
|
|a испытания
|
| 610 |
1 |
|
|a оборудование
|
| 610 |
1 |
|
|a растяжение
|
| 610 |
1 |
|
|a сжатие
|
| 610 |
1 |
|
|a изгиб
|
| 610 |
1 |
|
|a разрушение
|
| 610 |
1 |
|
|a ползучесть
|
| 675 |
|
|
|a 622.02
|v 3
|
| 700 |
|
1 |
|a Мохначев
|b М. П.
|g Михаил Петрович
|
| 701 |
|
1 |
|a Присташ
|b В. В.
|g Владимир Васильевич
|
| 801 |
|
1 |
|a RU
|b 63413507
|c 20131203
|
| 801 |
|
2 |
|a RU
|b 63413507
|c 20160122
|g RCR
|
| 942 |
|
|
|c BK
|